000 00364nam a22001577a 4500
003 OSt
005 20180116182948.0
008 131008b xxu||||| |||| 00| 0 eng d
040 _c0
082 _211th
_a152 CAR 2013
100 _aNeil R. Carlson
245 _aPhysiology of Behavior
_cNeil R. Carlson
260 _c2013
300 _a748p.
942 _2ddc
_cBK
999 _c349404
_d349404